00321nam a2200121Ia 4500008004100000041000800041082002100049100002300070245002300093260005200116300002400168365000700192240624s9999 xx 000 0 und d aeng a352.63092254 JAI aJAIN LAKSHMI CHAND aCIVIL DISOBEDIENCE c2011aNew DelhibThe Book Review Literary Trust a266 : p. : cm. ; 24 cRS